Fyzika 2. pro strojní obory. Cvičení.

Uložené v:
Podrobná bibliografia
Hlavní autori: Kopečný, J. (Author), Kopečná, M. (Author)
Médium: Kniha
Jazyk:Czech
Vydané: 1992
ISBN: 8070781645
Tagy: Pridať tag
Žiadne tagy, Buďte prvý kto otaguje tento záznam!

MARC

LEADER 00000nam a2200000 a 4500
001 000246749
005 00000000000000.0
008 040101s1992 e czeo
020 |a 8070781645 
041 0 |a cze 
100 1 |a Kopečný, J.  |4 aut 
245 1 0 |a Fyzika 2. pro strojní obory. Cvičení. 
260 |c 1992 
500 |a Záznam neprešiel kontrolou 
700 1 |a Kopečná, M.  |4 aut 
910 |a svkkk 
919 |a 80-7078-164-5 
998 |a BK 
090 |g SCKHL  |k Sklad Pribinova 3. posch.  |a V.183680  |j 853903  |i 2720043221  |4 Multiplikát  |s Vyradená 
090 |g SCKHL  |k Sklad Pribinova 3. posch.  |a V.183681  |j 853904  |i 246749-20  |4 Multiplikát  |s Vyradená 
090 |g SCKHL  |k Sklad Pribinova 3. posch.  |a V.184695  |j 857711  |i 2720971472  |s Povinný výt.